| 000 | 00640cam a22002172 4500 | ||
|---|---|---|---|
| 001 | 0000003895 | ||
| 005 | 20151217145743.0 | ||
| 008 | 070516s xx 000 0 eng d | ||
| 020 |
_a0030355230 : _cKES 7,798 |
||
| 040 |
_aKABU _cKABU |
||
| 050 | 0 |
_aQD75.2 _b.F86 2004 |
|
| 245 | 1 | 0 |
_aFundamentals of analytical chemistry / _cDouglas A. Skoog ... [et al.] |
| 250 | _a8th ed. | ||
| 260 |
_aLondon : _bThomson, _c2004. |
||
| 300 | _axix, 1051 p. | ||
| 650 | 0 |
_aChemistry, Analytic. _@0000154125 |
|
| 700 | 1 |
_aSkoog, Douglas A. _@0000154126 |
|
| 908 | _a070516 | ||
| 950 | _@1 | ||
| 999 |
_c2284 _d2284 |
||